Universal design : a manual of practical guidance for architects

Bibliographic Details
Main Author: Goldsmith, Selwyn (Author)
Format: Book
Published: Oxford : Architectural Press , 2000
Subjects:

MARC

LEADER 00000cam a2200000 7i4500
001 0000023721
005 20220310093000.0
008 021119s2000
020 |a 075064785X 
090 0 0 |a NA2750   |b .G62 2000 
100 0 |a Goldsmith, Selwyn ,   |e author 
245 0 0 |a Universal design :   |b a manual of practical guidance for architects   |c Selwyn Goldsmith   |f CAD drawings by Jeanette Dezart 
260 2 |a Oxford :   |b Architectural Press ,   |c 2000 
300 |a x, 116 p. :   |b ill. ; ;   |c 25 cm. 
504 |a Includes bibliographical references (p. 112-113) and index 
650 0 |a Architectural design   |v Handbooks, manuals, etc. 
650 0 |a Public buildings   |x Barrier-free design 
999 |a 1000086200   |b Book   |c OPEN SHELF (30 DAYS)   |e Gong Badak Campus